Public Utility Economics (Record no. 3010)

MARC details
000 -LEADER
fixed length control field 00320nam a22001337a 4500
008 - FIXED-LENGTH DATA ELEMENTS--GENERAL INFORMATION
fixed length control field 250415b |||||||| |||| 00| 0 eng d
020 ## - INTERNATIONAL STANDARD BOOK NUMBER
ISBN NIL
100 ## - MAIN ENTRY--AUTHOR
Author GARFIELD, J. Paul
245 ## - TITLE STATEMENT
Title Public Utility Economics
260 ## - PUBLICATION, DISTRIBUTION, ETC. (IMPRINT)
Place of publication U.S.A
Name of publisher Prentice- Hall
Date of publication 1964
300 ## - COLLATION
Pagination xvi, 505p.
942 ## - ADDED ENTRY ELEMENTS (KOHA)
Item type Books
050 ## - LIBRARY OF CONGRESS CALL NUMBER
Classification number HD2766
Item number .G37

No items available.